00307nam a2200133Ia 4500003000400000005001700004008004100021020001800062040001000080100002500090245004100115260000800156260000900164OSt20240104112342.0170524s9999 xx 000 0 und d a9780070994232 cIIMTU aLangsdozf Alexanders 0aTheory Alternating Current Machinary bTMH c2004